Constituciones de la Congregación del Oratorio de Roma fundado por el Glorioso San Phelipe Neri con la Bulla de su Confirmación

Detalles Bibliográficos
Formato: Libro
Publicado: s.l. s.d.
Materias:
Colección:Banco de datos
Acervo:Biblioteca del Museo Regional de Querétaro. INAH. Querétaro
Tema general:Religiosos
Notas:Regular. 3J6, 13
LEADER 00676nam a22001810004500
035 |a 26869 
036 |a 578 
245 1 0 |a Constituciones de la Congregación del Oratorio de Roma fundado por el Glorioso San Phelipe Neri con la Bulla de su Confirmación 
260 |a s.l.  |b s.i.  |c s.d. 
500 |a Regular. 3J6, 13 
650 1 0 |a Religiosos 
949 |a C.R.Q. 
959 |a Ex convento Grande de San Francisco de la ciudad de Querétaro, Museo Regional de Querétaro  |b CCC2 
960 |a Colección General, Querétaro  |b DD80 
961 |a Varias Ordenes Religiosas  |b VO 
942 |c C.R.Q. 
943 |g Biblioteca del Museo Regional de Querétaro. INAH. Querétaro 
999 |c 983185  |d 983185